[Event "PWPW S.A Chess Cup"]
[Site "Warsaw POL"]
[Date "2004.06.20"]
[Round "7"]
[White "Radziewicz,I"]
[Black "Socko,M"]
[Result "1-0"]
[WhiteElo "2444"]
[BlackElo "2408"]

1.d4 Nf6 2.Bg5 c5 3.d5 Ne4 4.Bc1 g6 5.g3 Bg7 6.Bg2 Nd6 7.a4 O-O 8.Nf3 Na6
9.O-O Nc7 10.Nc3 b6 11.Re1 f5 12.Bf4 Nc4 13.b3 Bxc3 14.bxc4 d6 15.Bh6 Bg7
16.Qd2 e5 17.dxe6 Bxe6 18.Bxg7 Kxg7 19.Rad1 Rc8 20.Qxd6 Qf6 21.Qf4 Kh8 22.h4 Bg8
23.Rd7 Ne6 24.Qe5 Qxe5 25.Nxe5 Rc7 26.Red1 Rfc8 27.Rxc7 Rxc7 28.c3 Kg7 29.f4 Kf6
30.Bd5 Rc8 31.Ra1 h6 32.a5 bxa5 33.Rxa5 g5 34.hxg5+ hxg5 35.Bxe6 Bxe6 36.Rxa7 gxf4
37.gxf4 Rh8 38.Rc7 Rh3 39.Rxc5 Rxc3 40.Rc7 Rc1+ 41.Kf2 Rc3 42.c5 Bd5 43.Ra7 Ke6
44.Ra6+ Ke7 45.Ra7+ Ke6 46.c6 Be4 47.Rh7 Kd6 48.Rd7+ Ke6 49.Rd8 Rc2 50.Rh8 Rc3
51.Rh6+ Ke7 52.Ke1 Rc2 53.Kd1 Rc5 54.Kd2 Rc2+ 55.Ke3 Rc3+ 56.Kd4 Rc2 57.e3 Kd8
58.Nc4 Kc7 59.Kc5 Bd3 60.Rh7+ Kd8 61.Rd7+ Kc8 62.Rxd3  1-0

[Event "XVIII Open"]
[Site "Pula CRO"]
[Date "2004.06.22"]
[Round "4"]
[White "Perhinig,R"]
[Black "Franic,M"]
[Result "0-1"]
[WhiteElo "2228"]
[BlackElo "2415"]

1.d4 Nf6 2.Bg5 c5 3.d5 Qb6 4.Bc1 e6 5.Nc3 exd5 6.Nxd5 Nxd5 7.Qxd5 d6 8.Qb3 Qxb3
9.axb3 Bf5 10.c3 Nc6 11.Nf3 Be7 12.Bf4 a6 13.e3 Rd8 14.Be2 h6 15.O-O Be6
16.Nd2 d5 17.Rfd1 Rd7 18.Bd3 g5 19.Bg3 f5 20.f3 Kf7 21.Be2 Bf6 22.e4 fxe4
23.fxe4 d4 24.Nc4 Ke7 25.Bf2 Rhd8 26.Kf1 Ke8 27.Nb6 Re7 28.c4 d3 29.Bh5+ Bf7
30.Nd5 Bxb2 31.Nxe7 Bxh5 32.Nd5 Be2+ 33.Ke1 Rxd5 34.exd5 Bc3+ 35.Rd2 Nb4
36.Bxc5 Nc2+ 37.Kf2 Nxa1 38.Ra2 Nxb3 39.Ra3 Nxc5  0-1

[Event "TCh-CRO"]
[Site "Rabac CRO"]
[Date "2004.06.22"]
[Round "2"]
[White "Cebalo,M"]
[Black "Zelcic,R"]
[Result "1-0"]
[WhiteElo "2482"]
[BlackElo "2509"]

1.d4 Nf6 2.Bg5 d5 3.Bxf6 exf6 4.e3 Bd6 5.g3 c6 6.Nd2 O-O 7.Bg2 Qb6 8.b3 Re8
9.Ne2 Bg4 10.Nf3 a5 11.a4 Nd7 12.O-O Qa6 13.h3 Bxf3 14.Bxf3 f5 15.c3 Nf6
16.Qc2 g6 17.c4 Rac8 18.Rfc1 Rc7 19.Qb2 Rec8 20.c5 Bf8 21.b4 axb4 22.Qxb4 Ne4
23.Nf4 Bh6 24.a5 Bxf4 25.gxf4 Re7 26.Ra2 Rce8 27.Qb6 Nxf2 28.Qxa6 Nxh3+ 29.Kg2 bxa6
30.Kxh3 Rxe3 31.Kg2 h6 32.Kf2 Rb3 33.Be2 Rh3 34.Rcc2 Rh4 35.Bxa6 Rxf4+ 36.Kg1 Rg4+
37.Rg2 Rxd4 38.Bf1 Rb4 39.a6 Ra8 40.Rgb2  1-0

[Event "TCh-CRO"]
[Site "Rabac CRO"]
[Date "2004.06.24"]
[Round "5"]
[White "Brumen,D"]
[Black "Vucic,M"]
[Result "1/2-1/2"]
[WhiteElo "2396"]
[BlackElo "2413"]

1.d4 Nf6 2.Bg5 g6 3.Bxf6 exf6 4.e3 Bg7 5.c4 d6 6.Nc3 O-O 7.Bd3 f5 8.Nge2 c5
9.O-O Nc6 10.Bc2 b6 11.a3 Bb7 12.Rb1 cxd4 13.exd4 Na5 14.b3 d5 15.cxd5 Bxd5
16.b4 Nc6 17.Nxd5 Qxd5 18.Bb3 Qd6 19.d5 Ne5 20.Nd4 Ng4 21.g3 Bxd4 22.Qxd4 Rac8
23.Rbc1 Nf6 24.Rfe1  1/2-1/2

[Event "Nova Open"]
[Site "Haarlem NED"]
[Date "2004.07.02"]
[Round "2"]
[White "Groffen,H"]
[Black "De Bruijn,A"]
[Result "1-0"]
[WhiteElo "2244"]
[BlackElo "2088"]

1.d4 Nf6 2.Bg5 g6 3.Bxf6 exf6 4.c4 Bg7 5.Nc3 O-O 6.e3 d6 7.g3 Nd7 8.Bg2 f5
9.Nge2 Nf6 10.O-O h5 11.Qd3 h4 12.b4 Bh6 13.b5 hxg3 14.hxg3 Ng4 15.Rfe1 Rb8
16.a4 Bd7 17.a5 Kg7 18.c5 Rh8 19.c6 bxc6 20.bxc6 Bc8 21.Rab1 Rxb1 22.Rxb1 Bg5
23.Nf4 Bxf4 24.exf4 Rh7 25.f3 Nf6 26.a6 Qe8 27.d5 Bxa6 28.Qd4 Qe7 29.Qxa7 Bd3
30.Rd1 Rh8 31.Qd4 Bc2 32.Rc1 Bb3  1-0

[Event "Nova Open"]
[Site "Haarlem NED"]
[Date "2004.07.03"]
[Round "4"]
[White "Groffen,H"]
[Black "Willemze,T"]
[Result "0-1"]
[WhiteElo "2244"]
[BlackElo "2283"]

1.d4 Nf6 2.Bg5 d5 3.Bxf6 gxf6 4.c4 c6 5.e3 Bf5 6.Nc3 e6 7.cxd5 cxd5 8.Qb3 Qb6
9.Bb5+ Nc6 10.Rc1 Be7 11.Nge2 O-O 12.g4 Bg6 13.h4 h6 14.Nf4 a6 15.Nxg6 fxg6
16.Qc2 f5 17.Be2 Kg7 18.gxf5 Rxf5 19.Bg4 Rf6 20.h5 Raf8 21.Rg1 g5 22.Rd1 Kh8
23.Rg2 Na5 24.Be2 Qc7 25.e4 Nc4 26.e5 Rf5 27.Bd3 Bb4 28.Bxf5 Rxf5 29.Rd3 Qf7
30.Kf1 Qxh5 31.Kg1 Rf4 32.Ne2 Re4 33.f3 Rh4 34.Ng3 Qf7 35.Rb3 Be1 36.Ne4 Qh5
37.Nf2 Bxf2+ 38.Kxf2 Rh1 39.Ke2 Qh4 40.Qc3 b5 41.a4 Ra1 42.Qb4 Kg8 43.Rf2 Qxd4  0-1

[Event "19th North Sea Cup"]
[Site "Esbjerg DEN"]
[Date "2004.07.04"]
[Round "2"]
[White "Nielsen,Henr"]
[Black "Hoi,C"]
[Result "0-1"]
[WhiteElo "2028"]
[BlackElo "2381"]

1.d4 Nf6 2.Bg5 g6 3.Nd2 Bg7 4.e4 d6 5.Ngf3 O-O 6.Bc4 Nc6 7.h3 h6 8.Be3 d5
9.exd5 Nxd5 10.Bxd5 Qxd5 11.c3 Qb5 12.Qb3 Qd3 13.Qc4 Qxc4 14.Nxc4 Be6 15.Nce5 Bd5
16.O-O Rfd8 17.Bf4 Nxe5 18.Nxe5 g5 19.Be3 f6 20.Nd3 Bc4 21.Rfd1 e5 22.b3 Bxd3
23.Rxd3 f5 24.f3 exd4 25.Rad1 Rd5 26.cxd4 Rad8 27.b4 a5 28.a3 axb4 29.axb4 b6
30.Rc1 c5 31.bxc5 bxc5 32.Ra3 cxd4 33.Bd2 d3 34.Ra7 Bd4+  0-1

[Event "Nova Open"]
[Site "Haarlem NED"]
[Date "2004.07.04"]
[Round "6"]
[White "Vroombout,E"]
[Black "Willemze,T"]
[Result "1/2-1/2"]
[WhiteElo "2169"]
[BlackElo "2283"]

1.d4 Nf6 2.Bg5 d5 3.Bxf6 exf6 4.g3 c6 5.e3 Bd6 6.Nd2 O-O 7.Bg2 Nd7 8.Ne2 f5
9.a3 Nf6 10.c4 dxc4 11.Nxc4 Bc7 12.Nc3 Qe7 13.O-O Be6 14.Nd2 Rad8 15.Qc2 Bb8
16.b4 h5 17.Nf3 Bc8 18.Rfe1 Ne4 19.h4 Rfe8 20.Rad1 Nf6 21.Ng5 a5 22.bxa5 Qxa3
23.Ra1 Qe7 24.a6 bxa6 25.Bxc6 Rf8 26.Bg2 g6 27.Bf1 Qc7 28.Qb3 Ng4 29.Rab1 Bd7
30.Nd5 Qd6 31.Nf4 Kg7 32.Bc4 Qf6 33.Qb6 Bc6 34.d5 Bxf4 35.gxf4 Bxd5 36.Qxf6+ Nxf6
37.Bxa6 Ng4 38.Bb7 Be6 39.Red1 Ba2 40.Ra1 Bb3  1/2-1/2

[Event "XX Franca Garcia Mem"]
[Site "Osasco BRA"]
[Date "2004.07.04"]
[Round "5"]
[White "Lima,Da"]
[Black "Delgado,N"]
[Result "0-1"]
[WhiteElo "2542"]
[BlackElo "2557"]

1.d4 Nf6 2.Bg5 c5 3.d5 Ne4 4.Bf4 Qb6 5.Bc1 e5 6.f3 Nf6 7.e4 d6 8.Na3 Be7
9.Nc4 Qd8 10.a4 O-O 11.Bd3 Ne8 12.Ne2 Bg5 13.O-O Bxc1 14.Qxc1 b6 15.f4 Ba6
16.f5 Bxc4 17.Bxc4 Nd7 18.Bb5 a6 19.Bxd7 Qxd7 20.g4 f6 21.Ra3 b5 22.a5 c4
23.Rg3 b4 24.Kh1 Qb5 25.Ng1 c3 26.b3 Qxa5 27.g5 fxg5 28.Nf3 g4 29.Rxg4 Nf6
30.Rh4 Nxe4 31.Rg1 Nf6 32.Rd1 Qc5 33.Kg2 Nxd5  0-1

[Event "FSGM July"]
[Site "Budapest HUN"]
[Date "2004.07.05"]
[Round "3"]
[White "Nguyen Ngoc Truongson"]
[Black "Khmelniker,I"]
[Result "1-0"]
[WhiteElo "2431"]
[BlackElo "2458"]

1.d4 Nf6 2.Bg5 c5 3.d5 Ne4 4.Bc1 e5 5.Nd2 Nxd2 6.Bxd2 d6 7.e4 Be7 8.Bd3 O-O
9.Ne2 Bg5 10.O-O Bxd2 11.Qxd2 f5 12.f4 fxe4 13.Bxe4 Nd7 14.Qd3 h6 15.Bf5 Nf6
16.fxe5 dxe5 17.c4 Bxf5 18.Rxf5 Qd6 19.Raf1 Rae8 20.Nc3 e4 21.Qe2 g6 22.Nb5 Qd8
23.R5f4 a6 24.Nc3 Qe7 25.Qe3 Kg7 26.b4 cxb4 27.Ne2 Qe5 28.h3 g5 29.R4f2 Nh5
30.Rxf8 Rxf8 31.Rxf8 Kxf8 32.Qc5+ Kf7 33.Qxb4 Qa1+ 34.Kf2 b5 35.cxb5 axb5
36.Qxe4 Qxa2 37.Qe6+ Kg7 38.Qe7+ Kg6 39.Qe8+ Kf6 40.Qf8+ Kg6 41.Qe8+ Kf6
42.Qxh5 Qa7+ 43.Kg3 Qc7+ 44.Kf3  1-0

[Event "Open A"]
[Site "Klatovy CZE"]
[Date "2004.07.05"]
[Round "3"]
[White "Forman,M"]
[Black "Kratochvil,J"]
[Result "0-1"]
[WhiteElo "2023"]
[BlackElo "2024"]

1.d4 Nf6 2.Bg5 c5 3.dxc5 Ne4 4.Bh4 Qa5+ 5.c3 Qxc5 6.Nd2 Nxd2 7.Qxd2 g6 8.e4 Bg7
9.f4 d6 10.Nf3 Nd7 11.Bd3 b6 12.Bf2 Qc7 13.O-O O-O 14.Bd4 Bb7 15.Bxg7 Kxg7
16.Nd4 Nc5 17.Rae1 Rad8 18.f5 Nd7 19.Re3 Nf6 20.Rh3 Ng8 21.Qg5 Bc8 22.Ba6 h6
23.Qg4 Bd7 24.Bb5 Bc8 25.Ba6 Bd7 26.Bb5 Bc8 27.Qh4 Qc5 28.b4 Qe5 29.Bc4 Bd7
30.fxg6 fxg6 31.Nf5+ Bxf5 32.exf5 Rxf5 33.Re1 Qf6 34.Bxg8 Qxh4 35.Rxh4 Kxg8
36.Rxh6 Kg7 37.Rh3 e5 38.c4 Rf4 39.Ra3 Rd7 40.Rc3 Kf6 41.a3 Rc7 42.Rf1 Rxf1+
43.Kxf1 e4 44.Ke2 Ke5 45.c5 bxc5 46.bxc5 Rxc5 47.Rxc5+ dxc5 48.Ke3 c4 49.g4 g5
50.h3 a6 51.a4 a5  0-1

[Event "ch-BEL"]
[Site "Westerlo BEL"]
[Date "2004.07.05"]
[Round "3"]
[White "Hautot,S"]
[Black "Marechal,A"]
[Result "1-0"]
[WhiteElo "2336"]
[BlackElo "2236"]

1.d4 Nf6 2.Bg5 d5 3.e3 Nbd7 4.Nf3 e6 5.Bd3 Be7 6.O-O O-O 7.c4 h6 8.Bh4 b6
9.cxd5 exd5 10.Nc3 Bb7 11.Qc2 c5 12.Rfd1 cxd4 13.Nxd4 Ne4 14.Bxe7 Qxe7 15.Nf5 Qe6
16.Bxe4 dxe4 17.Nd6 Ba6 18.Qxe4 Ne5 19.Ncb5 Bxb5 20.Nxb5 Rad8 21.Rxd8 Rxd8
22.Nd4 Qd5 23.Qxd5 Rxd5 24.Rc1 g6 25.Kf1 Nd3 26.Rc2 Nb4 27.Rc8+ Kg7 28.a3 Nd3
29.b4 a5 30.Ke2 Nf4+ 31.Kf3 Ne6 32.Ke4 Rh5 33.Nxe6+ fxe6 34.h3 axb4 35.axb4 Rb5
36.Rc4 Kf6 37.Kd3 Ke7 38.f4 Rd5+ 39.Rd4 Rh5 40.Ke4 Rb5 41.g4 g5 42.Kd3 gxf4
43.exf4 e5 44.Re4 Kd6 45.Kc4 Rd5 46.Rxe5 b5+ 47.Kc3 Rxe5 48.fxe5+ Kxe5 49.h4 Kf4
50.g5 hxg5 51.hxg5 Kxg5 52.Kd4 Kf6 53.Kc5 Ke7 54.Kxb5 Kd7 55.Kb6 Kc8 56.Ka7  1-0

[Event "GP CG de l'Heralt"]
[Site "Montpellier FRA"]
[Date "2004.07.06"]
[Round "2"]
[White "Prie,E"]
[Black "Laclau,D"]
[Result "1-0"]
[WhiteElo "2441"]
[BlackElo "2280"]

1.d4 Nf6 2.Bg5 d5 3.e3 e6 4.c4 Be7 5.Nc3 h6 6.Bh4 b6 7.cxd5 exd5 8.Bb5+ c6
9.Bd3 O-O 10.Nf3 Nbd7 11.O-O Bb7 12.Rc1 Re8 13.Qc2 c5 14.Rfd1 c4 15.Bf5 Nf8
16.Ne5 a6 17.a4 Bc8 18.Nc6 Qd6 19.Nxe7+ Rxe7 20.Bxc8 Rxc8 21.Bxf6 gxf6 22.Qf5 Rd8
23.e4  1-0

[Event "22nd Open"]
[Site "Andorra la Vella AND"]
[Date "2004.07.07"]
[Round "5"]
[White "Comas Fabrego,L"]
[Black "Khenkin,I"]
[Result "0-1"]
[WhiteElo "2490"]
[BlackElo "2573"]

1.d4 Nf6 2.Bg5 c5 3.Bxf6 gxf6 4.d5 Qb6 5.Qc1 Na6 6.c4 f5 7.Nc3 Bg7 8.Nf3 O-O
9.e3 e5 10.Be2 Qh6 11.Qd2 d6 12.O-O-O Nc7 13.h3 f4 14.exf4 exf4 15.g4 fxg3
16.fxg3 Qxd2+ 17.Kxd2 b5 18.cxb5 Rb8 19.b3 Re8 20.Bc4 Bf5 21.Rde1 Bxc3+ 22.Kxc3 Be4
23.Rhf1 Bxd5 24.a4 Rxe1 25.Nxe1 Be6 26.Bxe6 fxe6 27.Nd3 a6 28.bxa6 Nxa6 29.Nf4 Nc7
30.Rd1 Rb6 31.a5 Ra6 32.b4 d5 33.Kb3 cxb4 34.Kxb4 Kf7 35.Rc1 Ra7 36.Kc5 Ra6
37.Kb4 Ra7 38.Kc5 Ra6 39.Ra1 Ke7 40.Nd3 Ne8 41.Nb4 Ra8 42.a6 Kd7 43.a7 Nd6
44.Ra6 Nb7+ 45.Kb6 Nd8 46.Ra1 Kd6 47.Rc1 d4 48.Na6 e5 49.Nc7 Rxa7 50.Nb5+ Kd5
51.Nxa7 d3 52.Nb5 Ne6 53.Re1 Ng5 54.Nc3+ Kd4 55.Nd1 e4 56.h4 Nf3 57.Re3 Ne5
58.Kc7 Ng4 59.Re1 d2 60.Rh1 e3 61.Nxe3 Kxe3 62.Kd6 Nf2 63.Rf1 Nd3 64.Rd1 Nf2
65.Rxd2 Kxd2 66.Ke5 Ke3 67.Kf5 Kf3 68.h5 h6  0-1

[Event "ch-BEL"]
[Site "Westerlo BEL"]
[Date "2004.07.07"]
[Round "5"]
[White "Hautot,S"]
[Black "Van der Stricht,G"]
[Result "1/2-1/2"]
[WhiteElo "2336"]
[BlackElo "2422"]

1.d4 Nf6 2.Bg5 d5 3.e3 c5 4.dxc5 Ne4 5.Bf4 Nc6 6.Nf3 e6 7.Nbd2 Nxd2 8.Qxd2 Bxc5
9.Ne5 O-O 10.Be2 Bd6 11.Nxc6 bxc6 12.Bxd6 Qxd6 13.c4 e5 14.O-O a5 15.f4 Rd8
16.Rad1 g6  1/2-1/2

[Event "TCh-GRE"]
[Site "Aghia Pelagia GRE"]
[Date "2004.07.09"]
[Round "7"]
[White "Gustafsson,J"]
[Black "Dembo,Y"]
[Result "1/2-1/2"]
[WhiteElo "2611"]
[BlackElo "2423"]

1.d4 Nf6 2.Bg5 d5 3.e3 Ne4 4.Bf4 e6 5.Bd3 Bd6 6.Ne2 O-O 7.O-O b6 8.c4 Bb7
9.cxd5 exd5 10.Bxd6 Qxd6 11.Nbc3 Qe7 12.Qc2 Nd7 13.Nf4 Nef6 14.Rfd1 Rfd8
15.Qa4 a6 16.Bf1 Nf8 17.b4 Ng6 18.Nxg6 hxg6 19.Qb3 Qd6 20.Rac1 g5 21.b5 a5
22.Qc2 g6 23.g3 Kg7 24.Na4 Rac8 25.Bh3 g4 26.Bg2 Re8 27.Nb2 Ne4 28.Nd3 f6
29.a4  1/2-1/2

[Event "IMB"]
[Site "Brno CZE"]
[Date "2004.07.09"]
[Round "7"]
[White "Savage,B"]
[Black "Banas,J"]
[Result "1/2-1/2"]
[WhiteElo "2204"]
[BlackElo "2334"]

1.d4 Nf6 2.Bg5 c5 3.Bxf6 gxf6 4.d5 Qb6 5.Qc1 f5 6.g3 Bg7 7.c3 d6 8.Nd2 Nd7
9.Bg2 Nf6 10.Nh3 h5 11.Qc2 Bd7  1/2-1/2

[Event "19th North Sea Cup"]
[Site "Esbjerg DEN"]
[Date "2004.07.10"]
[Round "9"]
[White "Stovring,C"]
[Black "Skovgaard,P2"]
[Result "0-1"]
[WhiteElo "2032"]
[BlackElo "2116"]

1.d4 Nf6 2.Bg5 g6 3.Nc3 Bg7 4.e4 d5 5.e5 Ne4 6.Nxe4 dxe4 7.c3 c5 8.Bb5+ Bd7
9.Bxd7+ Qxd7 10.Ne2 cxd4 11.cxd4 Nc6 12.Qd2 Rd8 13.Rd1 Qg4 14.Bh6 Nxe5 15.Kf1 O-O
16.Bxg7 Kxg7 17.h3 Qe6 18.h4 h5 19.Nf4 Qf5 20.Rc1 Ng4 21.g3 e5 22.Rc5 b6
23.Rd5 Rxd5 24.Nxd5 Qf3 25.Kg1 Rd8  0-1

[Event "GP CG de l'Heralt"]
[Site "Montpellier FRA"]
[Date "2004.07.10"]
[Round "6"]
[White "Prie,E"]
[Black "Chernuschevich,A"]
[Result "0-1"]
[WhiteElo "2441"]
[BlackElo "2521"]

1.d4 Nf6 2.Bg5 d5 3.e3 Ne4 4.Bf4 c5 5.Bd3 Nf6 6.dxc5 Nc6 7.Bb5 e6 8.Qd4 Nd7
9.Bxc6 bxc6 10.b4 Be7 11.Nf3 Bf6 12.Be5 Bxe5 13.Nxe5 Qg5 14.Nxd7 Qxg2 15.Rf1 Ba6
16.Nd2 Bxf1 17.Nxf1 Kxd7 18.Qf4 Ke7 19.Qc7+ Kf6 20.Qf4+ Kg6 21.Ng3 h6 22.Ke2 Kh7
23.a4 a6 24.h4 Rhe8 25.h5 e5 26.Qf5+ Kh8 27.e4 d4 28.Ra3 Rab8 29.Rf3 Rb7
30.Rb3 Qg1 31.Kd2 Re6 32.Ne2 Qg5+ 33.Kd3 Qd8 34.Kc4 Qb8 35.Qg4 Rf6 36.f3 Kh7
37.Nc1 Rf4 38.Qh3 f5 39.Ne2 Qg8+ 40.Kd3 fxe4+ 41.fxe4 Rf6 42.Ng3 Rf3+ 43.Ke2 Rxb3
44.cxb3 Qf7 45.Nf5 Rxb4 46.Nd6 Qf4 47.Qg2 Qe3+  0-1

[Event "XIII Open"]
[Site "Castellar del Valles ESP"]
[Date "2004.07.16"]
[Round "3"]
[White "Granados Gomez,M"]
[Black "Comas Fabrego,L"]
[Result "1/2-1/2"]
[WhiteElo "2426"]
[BlackElo "2490"]

1.d4 Nf6 2.Bg5 d5 3.Bxf6 exf6 4.e3 c6 5.c4 dxc4 6.Bxc4 Bd6 7.Nc3 O-O 8.Nge2 Nd7
9.Bd3 Re8 10.Qc2 Nf8 11.Bf5 Bxf5 12.Qxf5 g6 13.Qf3 f5 14.h4 h5 15.g3 Nd7
16.O-O Nf6 17.Rab1 Qe7 18.Rfd1 a6 19.Nf4 Rac8 20.Nh3 c5 21.dxc5 Rxc5 22.Ng5 Be5
23.Nd5 Nxd5 24.Rxd5 Rxd5 25.Qxd5 Rd8 26.Qb3 Bf6 27.Rc1 Bxg5 28.hxg5 Qxg5
29.Rc7 Rf8 30.Qxb7 h4 31.Rc8 hxg3  1/2-1/2

[Event "Specsavers YM"]
[Site "Millfield School ENG"]
[Date "2004.07.19"]
[Round "1"]
[White "Palliser,R"]
[Black "McPhillips,K"]
[Result "1-0"]
[WhiteElo "2411"]
[BlackElo "2172"]

1.d4 Nf6 2.Bg5 d5 3.Bxf6 gxf6 4.c4 dxc4 5.e3 c5 6.Bxc4 cxd4 7.exd4 Nc6 8.Ne2 Bg7
9.Nbc3 O-O 10.O-O f5 11.d5 Ne5 12.Bb3 a6 13.Qd2 Qd6 14.Qf4 Kh8 15.Rfe1 Qf6
16.Rad1 Rg8 17.Nd4 Ng6 18.Qc7 Qh4 19.Nf3 Qg4 20.h3 Qf4 21.Rxe7 Bf8 22.Rxf7 Qxc7
23.Rxc7 Bd6 24.Rf7 Nf4 25.g3 Nxh3+ 26.Kf1 f4 27.Bc2 Rg7 28.Rxg7 Kxg7 29.Ne4 Bf8
30.Kg2 h6 31.Rh1 fxg3 32.Kxg3 Be7 33.d6 Bf6 34.Nxf6 Kxf6 35.Nd2 Bd7 36.Rxh3 Bxh3
37.Kxh3 Ke5 38.Nc4+ Kd4 39.Ne3 Ke5 40.d7 Kf4 41.Bf5 Rg8 42.Kh4 Kf3 43.Nd5 Kxf2
44.Nf4  1-0

[Event "Open"]
[Site "Balatonlelle HUN"]
[Date "2004.07.21"]
[Round "3"]
[White "Boguszlavszkij,J"]
[Black "Varadi,V"]
[Result "1/2-1/2"]
[WhiteElo "2279"]
[BlackElo "2415"]

1.d4 Nf6 2.Bg5 d5 3.Nc3 c5 4.e3 Nc6 5.Nf3 e6 6.Be2 Be7 7.O-O O-O 8.h3 b6
9.Re1 Bb7 10.Bf4 Bd6 11.Bxd6 Qxd6 12.Nb5 Qe7 13.Ne5 a6 14.Nxc6 Bxc6 15.Nc3 e5
16.dxe5 Qxe5 17.Bf3 b5 18.Rb1 a5 19.Ne2 Ne4 20.Bxe4 dxe4 21.Nf4 Rfd8 22.Qg4 Rd2
23.c3 Bd7 24.Qg3 Be6 25.Nxe6 Qxg3 26.fxg3 fxe6 27.Rf1 Rad8 28.g4 Re2 29.Rf2 Rdd2
30.Rbf1 h6 31.Rxe2 Rxe2 32.Rf2 Rxe3 33.Kf1 c4 34.Re2 Rd3 35.Rxe4 Kf7 36.a4 Rd2
37.Re2 Rd1+ 38.Kf2 bxa4 39.Ke3 Rd3+ 40.Ke4 a3 41.bxa3 Rxc3 42.a4 Ra3 43.Ke5 Rxa4
44.Rd2 c3 45.Rd7+ Kg6 46.Rc7 Ra3 47.Kxe6 Rb3 48.Rc4 a4 49.Rxa4 c2 50.Rc4 Re3+
51.Kd5 Re2 52.g3 Kg5 53.Kd4 Rg2 54.Rc5+ Kg6 55.Rc6+ Kh7 56.Ke4 Rxg3 57.Rxc2 Rxh3
58.Rc7 Rh1 59.Kf4 Rf1+ 60.Kg3 Kg6 61.Rc6+ Rf6 62.Rc5 Ra6 63.Rb5 Kf6 64.Rf5+ Ke6
65.Rb5 Ra3+ 66.Kh4 Kf6 67.Rf5+ Ke6 68.Rb5 Rf3 69.g5 hxg5+ 70.Kxg5 Rg3+ 71.Kf4 Rg1
72.Rb6+ Kf7 73.Kf5 g6+ 74.Kf4 Kg7 75.Rb2 Kh6  1/2-1/2

[Event "3rd Open"]
[Site "Bergamo ITA"]
[Date "2004.07.22"]
[Round "2"]
[White "Annoni,R"]
[Black "Quinn,M"]
[Result "0-1"]
[WhiteElo "2086"]
[BlackElo "2406"]

1.d4 Nf6 2.Bg5 d5 3.e3 Nbd7 4.Nc3 e6 5.Qf3 c5 6.O-O-O Qa5 7.Kb1 Be7 8.g4 a6
9.Bxf6 Bxf6 10.g5 Bxg5 11.e4 cxd4 12.Rxd4 Qc5 13.Rd1 d4 14.Nce2 e5 15.Qg3 Bf6
16.Nh3 Nb6 17.f4 Nc4 18.Qd3 Qb4 19.b3 Na3+ 20.Kb2 Nb5 21.Kb1 Be6 22.f5 Bc4  0-1

[Event "Specsavers YM"]
[Site "Millfield School ENG"]
[Date "2004.07.23"]
[Round "7"]
[White "Bigg,A"]
[Black "McPhillips,K"]
[Result "1/2-1/2"]
[WhiteElo "2275"]
[BlackElo "2172"]

1.d4 Nf6 2.Bg5 d5 3.Bxf6 gxf6 4.c4 dxc4 5.e3 c5 6.Bxc4 cxd4 7.exd4 Nc6 8.Ne2 Bg7
9.Nbc3 O-O 10.Qd2 f5 11.Rd1 a6 12.O-O Qd6 13.Bd5 Rd8 14.Qg5 Qg6 15.Qe3 Bf6
16.f4 Qg7 17.Rf3 Kf8 18.Rg3 Qh8 19.Bxc6 bxc6 20.d5 cxd5 21.Rxd5 Be6 22.Rxd8+ Rxd8
23.Qb6 Bd4+ 24.Nxd4 Qxd4+ 25.Qxd4 Rxd4 26.Rf3 Bd7 27.Rf2 f6 28.Kf1 e5 29.Ke1 Ke7
30.Rd2 Rxd2 31.Kxd2 Kd6 32.Ke3 Kc5 33.h4 Be6 34.g3 Kb4 35.Kd3  1/2-1/2

[Event "Specsavers YM"]
[Site "Millfield School ENG"]
[Date "2004.07.24"]
[Round "9"]
[White "Fowler,S"]
[Black "Hall,D"]
[Result "0-1"]
[WhiteElo "2115"]
[BlackElo "1967"]

1.d4 Nf6 2.Bg5 d5 3.Bxf6 gxf6 4.c4 c6 5.Nc3 Bg7 6.e3 O-O 7.Qc2 f5 8.Bd3 e6
9.Nge2 Na6 10.a3 Nc7 11.b3 Ne8 12.f3 Kh8 13.h3 Qg5 14.Kf2 Bh6 15.Nf4 Rg8
16.Nce2 f6 17.cxd5 e5 18.dxc6 exf4 19.Nxf4 Qg3+ 20.Ke2 Bxf4 21.exf4 Nc7 22.Rhf1 Nd5
23.Bxf5 Qxg2+ 24.Rf2 Nxf4+ 25.Ke1 Qg1+ 26.Rf1 Qe3+ 27.Kd1 Qxd4+ 28.Bd3 Qxa1+
29.Kd2 Qd4  0-1

[Event "7th Open"]
[Site "Korinthos GRE"]
[Date "2004.07.25"]
[Round "5"]
[White "Vysochin,S"]
[Black "Timoshenko,G"]
[Result "1/2-1/2"]
[WhiteElo "2599"]
[BlackElo "2536"]

1.d4 Nf6 2.Bg5 d5 3.e3 Nbd7 4.Nf3 c5 5.Nbd2 e6 6.c3 Qb6 7.Qc2 Bd6 8.Bd3 h6
9.Bh4 Qc7 10.O-O a6 11.Bg3  1/2-1/2

[Event "Politiken Cup"]
[Site "Copenhagen DEN"]
[Date "2004.07.26"]
[Round "4"]
[White "Bank,P"]
[Black "Hansen,SuB"]
[Result "0-1"]
[WhiteElo "2277"]
[BlackElo "2552"]

1.d4 Nf6 2.Bg5 c5 3.Bxf6 gxf6 4.d5 Qb6 5.Qc1 f5 6.g3 Bg7 7.c3 d6 8.Bg2 Nd7
9.Nd2 Nf6 10.Nh3 Bd7 11.Nf4 Bh6 12.e3 O-O 13.O-O e6 14.Rd1 Qc7 15.a4 Rad8
16.Nc4 Bc8 17.a5 Kh8 18.b4 e5 19.Nd3 cxb4 20.cxb4 Bd7 21.Na3 Rc8 22.Qxc7 Rxc7
23.Rdc1 Rfc8 24.Rxc7 Rxc7 25.Rc1 Rxc1+ 26.Nxc1 e4 27.b5 Nxd5 28.Nb3 Nc3 29.Bf1 Bg7
30.b6 axb6 31.axb6 d5 32.Na5 Bc8 33.Nb5 Nxb5 34.Bxb5 Bc3 35.Nc6 bxc6 36.Bxc6 Be5
37.Bxd5 Kg7 38.f3 exf3 39.Kf2 Be6 40.Bc6 Kf6 41.Kxf3 Ke7 42.e4 Kd6 43.Be8 fxe4+
44.Kxe4 f5+  0-1

[Event "Politiken Cup"]
[Site "Copenhagen DEN"]
[Date "2004.07.28"]
[Round "6"]
[White "Cech,P"]
[Black "Olsen,P"]
[Result "1-0"]
[WhiteElo "2404"]
[BlackElo "2243"]

1.d4 Nf6 2.Bg5 c5 3.d5 d6 4.Nc3 g6 5.e4 Bg7 6.Qd2 h6 7.Bh4 g5 8.Bg3 Nh5 9.Be2 Nxg3
10.hxg3 Qa5 11.f4 g4 12.O-O-O Na6 13.Kb1 Bd7 14.Rh5 O-O-O 15.Bf1 Nc7 16.Nge2 e6
17.e5 Be8 18.exd6 Rxd6 19.Ne4 Ra6 20.Qxa5 Rxa5 21.dxe6 Nxe6 22.f5 c4 23.Nd6+ Kb8
24.Rh4 Ng5 25.Rxg4 Bc6 26.Nxf7 Rxf5 27.Nxh8 Bxh8 28.Rf4  1-0

[Event "3rd Pro-Am Open"]
[Site "Guelph CAN"]
[Date "2004.07.28"]
[Round "1"]
[White "Moiseenko,A"]
[Black "Divljan,I"]
[Result "1-0"]
[WhiteElo "2640"]
[BlackElo "2317"]

1.d4 Nf6 2.Bg5 d5 3.Bxf6 exf6 4.e3 c6 5.Nd2 Be7 6.Bd3 O-O 7.Qf3 Be6 8.Ne2 Nd7
9.g4 Re8 10.h4 Qb6 11.O-O-O c5 12.g5 Rac8 13.c3 Qa5 14.Bb1 b5 15.Nb3 Qb6
16.dxc5 Nxc5 17.Rdg1 Nxb3+ 18.axb3 f5 19.Bxf5 Bxf5 20.Qxf5 b4 21.Qc2 bxc3
22.bxc3 Qa5 23.Rg4 Qa1+ 24.Qb1 Qa6 25.Kd2 Bc5 26.Qd3 Qb7 27.Rb1 Re4 28.Rf4 Qc6
29.Ra1 Qe6 30.Kc2 Rxf4 31.Nxf4 Qg4 32.Nxd5 Qxh4 33.Qf5 Rd8 34.Rd1 Ra8  1-0

[Event "ch-AUT"]
[Site "Hartberg AUT"]
[Date "2004.07.28"]
[Round "5"]
[White "Schweda,R"]
[Black "Druckenthaner,A"]
[Result "1-0"]
[WhiteElo "2420"]
[BlackElo "2290"]

1.d4 Nf6 2.Bg5 d5 3.Bxf6 gxf6 4.e3 c5 5.dxc5 Qa5+ 6.Nc3 e6 7.Qd4 Rg8 8.b4 Qd8
9.e4 Nc6 10.Bb5 a6 11.Bxc6+ bxc6 12.exd5 cxd5 13.Nge2 Bb7 14.Ng3 f5 15.Nh5 Rxg2
16.Nf6+ Ke7 17.Nh5 Rg5 18.Qh4 Kd7 19.O-O-O Rg4 20.Qxd8+ Kxd8 21.a3 a5 22.Nf6 Rc4
23.Na4 Bh6+ 24.Kb1 Ke7 25.Nxd5+ exd5 26.Nb6 Re4 27.Nxa8 Bxa8 28.b5 Kd7 29.Rhe1 Bf4
30.Rxe4 fxe4 31.c4 Ke6 32.c6 dxc4 33.Kc2 Bd6 34.a4 Bc7 35.Kc3 Bb6 36.Rd2 f5
37.Kxc4 h5 38.h3 Ke5 39.Rd7 Kf4 40.Re7 Bxf2  1-0

[Event "Skanska Open"]
[Site "Pardubice CZE"]
[Date "2004.07.30"]
[Round "8"]
[White "Chernyshov,K"]
[Black "Socko,B"]
[Result "1/2-1/2"]
[WhiteElo "2585"]
[BlackElo "2554"]

1.d4 Nf6 2.Bg5 c5 3.d5 Ne4 4.Bc1 g6 5.f3 Nd6 6.Bd2 Bg7 7.Bc3 O-O 8.Bxg7 Kxg7
9.Qd2 e5 10.dxe6 dxe6 11.e4 f6 12.Na3 Nf7 13.Qc3 Qc7 14.Ne2 a6 15.b4 Nd7
16.Nd4 Qe5 17.bxc5 Nxc5 18.Nc4 Qc7 19.Na5 Bd7 20.Nab3 Rfc8 21.Qxc5 Qxc5 22.Nxc5 Rxc5
23.Bd3 e5 24.Nb3 Rc7 25.a4 a5 26.Kf2 Nd6 27.Rhb1 Kf7 28.Nd2 Ke7 29.Nf1 f5
30.Ne3 Be6 31.Rb6 Rc6 32.Rxc6 bxc6 33.exf5 gxf5 34.Rb1 e4 35.fxe4 fxe4 36.Be2 Kd7
37.g4 Kc7 38.h4 Nb7 39.Nd1 Nc5 40.Nc3 Kd6 41.Ke3 Ke5 42.g5 Bf5 43.Rd1 Ne6
44.Bf1 Rb8 45.Rb1 Rxb1 46.Nxb1 Nd4 47.Na3 Be6 48.h5 Nf5+ 49.Kd2 e3+ 50.Ke1 Kd4
51.Nb1 Nh4 52.Bd3 Nf3+ 53.Ke2 Nxg5 54.c3+ Ke5 55.Kxe3 Bb3 56.Nd2 Bxa4 57.Nc4+ Kf6
58.Nxa5 h6 59.Bg6 Ne6 60.Nc4 Bd1 61.Nd6 Ng7 62.Ne4+ Ke5 63.Nf2 Bxh5 64.Bxh5 Nxh5
65.Ng4+ Kd5 66.Nxh6 Kc4 67.Kd2 Nf6 68.Nf7 Ne4+ 69.Kc2 Nxc3 70.Ne5+ Kd5 71.Nxc6 Kxc6  1/2-1/2

[Event "Politiken Cup"]
[Site "Copenhagen DEN"]
[Date "2004.08.01"]
[Round "10"]
[White "Royset,P"]
[Black "Sammalvuo,T"]
[Result "0-1"]
[WhiteElo "2232"]
[BlackElo "2445"]

1.d4 Nf6 2.Bg5 d5 3.Bxf6 exf6 4.e3 Bd6 5.c4 dxc4 6.Bxc4 f5 7.Nc3 Nd7 8.Nf3 Nf6
9.Qb3 O-O 10.O-O c6 11.a4 Qe7 12.Rfe1 Rb8 13.Qc2 Re8 14.g3 Ne4 15.Nh4 Bd7
16.f3 Ng5 17.e4 fxe4 18.fxe4 Bc5 19.Qd3 Rbd8 20.dxc5 Qxc5+ 21.Qe3 Nh3+ 22.Kg2 Qxc4
23.Rad1 Bg4 24.Nf3 Qb4 25.Rd2 Rxd2+ 26.Qxd2 h6 27.e5 Qa5 28.Qd4 Bxf3+ 29.Kxf3 Rd8
30.Qe3 Qb4 31.Kg2 Ng5 32.h4 Ne6 33.Re2 Nc5 34.Rd2 Rxd2+ 35.Qxd2 Nxa4 36.Qd8+ Kh7
37.Qd3+ g6 38.Nxa4 Qxa4 39.e6 Qb4 40.h5 Kg7 41.Qe2 Qe7 42.hxg6 Qxe6  0-1